000
00323nam a2200133Ia 4500
008
240624s9999 xx 000 0 und d
041
_a
eng
082
_a
303.3 NAI
100
_a
NAIM MOISES
245
_a
END OF POWER
260
_c
2013
_a
New Delhi
_b
Basic Books
300
_a
xiii, : 306 : p. : cm. ; 21
365
_c
RS
_b
30
999
_c
27642
_d
27642